Bilder nach Buchstabe - R #2 - Statistiken

Allgemein
  • Dieses Quiz wurde 105 mal gespielt
  • Das Durchschnittsergebnis liegt bei 10 aus 16
Antwortstatistiken
Bildquiz Antwort % Korrekt
Ringen
97%
Rodeln
97%
Riesenrad
92%
Rap
85%
Rodeo
85%
Rentier
78%
Rost
76%
Romulus und Remus
69%
Ruhrgebiet
65%
Ronaldinho
62%
Rhode Island
59%
Ratatouille
50%
Recht
37%
Rosenquarz
37%
Rallye
34%
Rokoko
9%
Keine übereinstimmenden Quizze gefunden
Verteilung der Resultate
Anzahl Personen mit jedem Resultat
Perzentil nach korrekt beantworteten Fragen
Ihre Resultats-Entwicklung
Sie haben dieses Quiz noch nicht gespielt